Comparación del método de Demello y concordia con los resultados obtenidos en PSS/E al aplicarlo a una central conectada a una barra infinita
שמור ב:
| מחבר ראשי: | |
|---|---|
| פורמט: | ספר |
| יצא לאור: |
[San José, Costa Rica]
2008
|
| נושאים: | |
| תגים: |
הוספת תג
אין תגיות, היה/י הראשונ/ה לתייג את הרשומה!
|
MARC
| LEADER | 00000nam a2200000Ia 4500 | ||
|---|---|---|---|
| 003 | 001353 | ||
| 005 | 20221231144049.0 | ||
| 008 | 140114s2008 cr a 000 ||s d | ||
| 040 | |c cru CEDI | ||
| 090 | |a TFG 5876 | ||
| 100 | |a Rojas Rodríguez, Christian |9 1077 | ||
| 245 | |a Comparación del método de Demello y concordia con los resultados obtenidos en PSS/E al aplicarlo a una central conectada a una barra infinita | ||
| 260 | |c 2008 |b [San José, Costa Rica] | ||
| 300 | |a viii, 105 hojas; ilustraciones | ||
| 500 | |a Proyecto de graduación (bachillerato en ingeniería electrica)--Universidad de Costa Rica. Facultad de Ingeniería Eléctrica | ||
| 650 | |x SISTEMAS DE ENERGIA ELECTRICA |x ESTABILIDAD DE SISTEMAS DE ENERGIA ELECTRICA |x CONTROL DE SISTEMAS DE ENERGIA ELECTRICA |9 3817 | ||
| 942 | |c TFG | ||
| 999 | |c 16359 |d 16359 | ||
